Functionals of finite Riemann surfaces /
Guardado en:
| Autor Principal: | |
|---|---|
| Otros Autores: | |
| Formato: | Libro |
| Idioma: | English |
| Publicado: |
Princeton, N.J. :
Princeton University Press,
1954.
|
| Series: | Princeton mathematical series ;
16 |
| Materias: | |
| Etiquetas: |
Agregar Etiqueta
Sin Etiquetas, Sea el primero en etiquetar este registro!
|
| LEADER | 00750cam a22002175 4500 | ||
|---|---|---|---|
| 001 | MAT.inmabb006932 | ||
| 008 | 120317s1954####nju######b####001#0#eng## | ||
| 005 | 20160804122641.0 | ||
| 245 | 1 | 0 | |a Functionals of finite Riemann surfaces / |c by Menahem Schiffer and Donald C. Spencer. |
| 260 | |a Princeton, N.J. : |b Princeton University Press, |c 1954. | ||
| 300 | |a x, 451 p. ; |c 24 cm. | ||
| 440 | 0 | |a Princeton mathematical series ; |v 16 | |
| 504 | |a Incluye referencias bibliográficas e índice. | ||
| 510 | 4 | |a MR, |c 16,461g | |
| 100 | 1 | |a Schiffer, Menahem. | |
| 700 | 1 | |a Spencer, D. C. |q (Donald Clayton), |d 1912-2001. | |
| 650 | 0 | |a Riemann surfaces. | |
| 084 | |a 30.0X |2 MR | ||
| 010 | |a 52008778 | ||
| 040 | |a DLC |c DLC | ||
| 859 | |h 30 |i Sc333 |p A-2134 |b BIB. MATEMATICA | ||
